Statistics for Alabama Question Quiz

Click here to take the quiz!

General Stats

  • This quiz has been taken 85 times
  • The average score is 4 of 10

Answer Stats

Question Answer % Correct
What is the capital city of Alabama?Montgomery
100%
Who defined 300 new uses for the peanut?George Washington Carver
66%
What is a nickname for Alabama?The Cotton State, The Yellowhammer State, Or The Heart Of Dixie
66%
What baseball player was born in Mobile, 1934?Henry Louis Aaron
55%
In what year was Alabama admitted to the union?1819
39%
What is the motto of Alabama?We Dare Defend Our Rights
18%
What is the red cross on the Alabama state flag called?Saint Andrew's cross
10%
What is the highest point in Alabama?Cheaha Mountain
6%
Five land regions characterize the Alabama landscape. In what land region is the highest point in Alabama?The Piedmont Upland
1%
What is the official state horse of Alabama?The Racking Horse
1%

Score Distribution

Percentile by Number Answered

Percent of People with Each Score

Your Score History

You have not taken this quiz